| 000 | 00505nam a2200205Ia 4500 | ||
|---|---|---|---|
| 008 | 210210b2017 xxu||||| |||| 00| 0 eng d | ||
| 020 | _a9788121919630 | ||
| 041 | _aeng | ||
| 082 | _a657.42 SHUC | ||
| 100 | _aSHUKLA (M C) | ||
| 245 | _aCost accounting: text and problems | ||
| 260 |
_aNew Delhi _bS. Chand & Co. Ltd. _c2017 |
||
| 300 | _aix,958 | ||
| 650 | _aproblems | ||
| 650 | _aCost | ||
| 650 | _aaccounting:text | ||
| 690 | _aCost Accounting | ||
| 700 | _aGREWAL (T S) | ||
| 906 | _a072827 | ||
| 999 |
_c122800 _d122800 |
||